| 000 | 00585nam a2200169 a 4500 | ||
|---|---|---|---|
| 001 | 000029956 | ||
| 005 | 20200930055935.0 | ||
| 008 | 110427s1998 dr 000 0 spa d | ||
| 040 |
_aDO-SdBNP _bspa _cBNPHU |
||
| 082 |
_axxx _bD431h |
||
| 245 | 0 | 4 |
_aLos derechos humanos 1948-1998 : _bpacto internacional de derechos económicos, sociales y culturales. |
| 260 |
_aSanto Domingo : _bONU, _c1998. |
||
| 300 |
_a[14 p.] ; _c23 cm. |
||
| 500 | _a50 aniversario de la declaración universal de los derechos humanos | ||
| 710 | 2 |
_aOrganización de las Naciones Unidas _955485 |
|
| 049 | _aBNPD | ||
| 999 |
_c29448 _d29448 |
||